| 000 | 00565nam a2200193 a 4500 | ||
|---|---|---|---|
| 005 | 20231021063559.0 | ||
| 008 | 991125s1989 es 000 0 spa u | ||
| 020 | _a8427708933 | ||
| 035 | _aUPN01000005223 | ||
| 049 | _aCG | ||
| 050 | 4 |
_aLB1031 _bC3.3 |
|
| 100 | 1 | _aCañas, José Luis | |
| 245 | 1 | 0 |
_aAyuda de auto-estudiar : _bteoría y práctica / _cJosé Luis Cañas, Teresa María Hernández. |
| 260 |
_aMadrid : _bNarcea, _c1989. |
||
| 300 | _a156 p. | ||
| 650 | 4 |
_aMétodos de estudio _94280 |
|
| 700 | 1 |
_aHernández, Teresa María, _ecoaut. |
|
| 905 | _aLibro | ||
| 999 |
_c5223 _d5223 |
||